000 00974nam a2200313 a 4500
001 688289
003 OSt
005 20230622153418.0
008 950323s1994 ke b 000 0 eng
010 _a 95983488
020 _a9966900179
040 _aDLC
_cDLC
042 _alcode
043 _afs-----
082 _a330
_bCHI
100 1 _aChipeta, C.
245 1 0 _aMonetary harmonization in southern Africa /
_cC. Chipeta and M.L.C. Mkandawire.
260 _aNairobi :
_bAfrican Economic Research Consortium,
_cc1994.
300 _a49 p. ;
_c25 cm.
440 0 _aAERC research paper ;
_v30
500 _a"November 1994."
504 _aIncludes bibliographical references (p. [48]-49).
650 0 _aRand area.
650 0 _aMonetary unions
_zAfrica, Southern.
700 1 _aMkandawire, M. L. C.
906 _a7
_bcbc
_corigode
_d3
_encip
_f19
_gy-gencatlg
942 _2ddc
_cBK
999 _c2365
_d2365